Paroles Dis moi encore que tu m'aimes-Gaëtan Roussel - Statistiques

Statistiques générales
  • Ce quiz a été pris 28 fois
  • Le résultat moyen est 110 sur 156
Statistiques - réponses
Réponse % Correct
Dis
100%
moi
100%
que
100%
tu
100%
encore
94%
m'aimes
94%
à
89%
Et
89%
Le
89%
le
89%
de
83%
me
83%
La
78%
la
78%
les
78%
Les
78%
se
78%
si
78%
nous
72%
ce
67%
Des
67%
des
67%
on
67%
qui
67%
tout
61%
même
56%
toutes
56%
être
50%
l'on
50%
scènes
50%
Sens
50%
vie
50%
rejouait
44%
emmène
44%
Quand
44%
rejouait
44%
vent
44%
As
39%
pluies
39%
ramène
39%
retrouvé
39%
soleil
39%
Sous
39%
thème
39%
tiennes
39%
vont
39%
diluviennes
33%
étoiles
33%
fragile
33%
générique
33%
mécanique
33%
modifiait
33%
parfum
33%
peine
33%
persiennes
33%
questions
33%
reste
33%
reviennent
33%
voit
33%
chasse
28%
Courir
28%
déroule
28%
dilemmes
28%
effleure
28%
Entends
28%
haleine
28%
nuit
28%
perdre
28%
amours
22%
trafic
22%
Aucun quiz correspondant
Distribution des résultats
% des personnes avec chaque résultat
Percentile par nombre de réponses
Votre historique - résultats
Vous n’avez pas pris ce quiz